000 00540nam a2200205Ia 4500
003 OSt
005 20220925210406.0
006 a|||||r|||| 00| 0
007 ta
008 220923b |||||||| |||| 00| 0 eng d
037 _cGeneral Book
040 _aRTL
_cRTL
_beng
041 _2eng
_aeng
082 _aE.2sN, D7
245 0 _aImpearial gazetteer of India. Eastern Bengal and Assam
260 _aIndia
_bGovt. Press
_c1907
650 _aGAZETTEER
942 _hE.2sN, D7
_cGB
_2CC
999 _c554972
_d554972